Statistics for Name all the Valid Countries

Click here to take the quiz!

General Stats

  • This quiz has been taken 3,576 times
  • The average score is 24 of 31

Answer Stats

Name all the countries ...Answer% Correct
that start with ZZambia
98%
that start with ZZimbabwe
98%
that by law are one-party Marxist state + with territory within 100 miles of the U.S.
(but not bordering it)
Cuba
91%
that are an island nation in the Mediterranean SeaCyprus
91%
that are an island nation in the Mediterranean SeaMalta
90%
that were once part of YugoslaviaBosnia and Herzegovina
89%
that were once part of YugoslaviaCroatia
89%
bordering Costa RicaPanama
89%
that were once part of YugoslaviaSerbia
89%
that were once part of YugoslaviaSlovenia
87%
that were once part of YugoslaviaKosovo
86%
touching the Red SeaEgypt
85%
that were once part of YugoslaviaMontenegro
85%
bordering Costa RicaNicaragua
85%
whose name ends in L + touching the Red SeaIsrael
84%
that were once part of YugoslaviaNorth Macedonia
83%
touching the Red SeaSaudi Arabia
83%
that by law are one-party Marxist stateChina
82%
with territory within 100 mi. of the U.S.
(but not bordering it)
Russia
82%
touching the Red SeaYemen
79%
with territory within 100 miles of the U.S.
(but not bordering it)
Bahamas
77%
touching the Red SeaJordan
76%
touching the Red SeaEritrea
70%
touching the Red SeaDjibouti
69%
touching the Red SeaSudan
67%
that by law are one-party Marxist stateVietnam
64%
that by law are one-party Marxist stateLaos
53%
whose name ends in LBrazil
51%
whose name ends in LPortugal
51%
whose name ends in LNepal
47%
whose name ends in LSenegal
44%

Score Distribution

Percentile by Number Answered

Percent of People with Each Score

Your Score History

You have not taken this quiz